#Todos odian a Luisa (Registro nro. 16204)

000 -CABECERA
campo de control de longitud fija 01139nam a22002417a 4500
003 - IDENTIFICADOR DEL NÚMERO DE CONTROL
campo de control OSt
005 - FECHA Y HORA DE LA ÚLTIMA TRANSACCIÓN
campo de control 20260319210413.0
008 - DATOS DE LONGITUD FIJA--INFORMACIÓN GENERAL
campo de control de longitud fija 260319b ||||| |||| 00| 0 spa d
020 ## - NÚMERO INTERNACIONAL ESTÁNDAR DEL LIBRO
Número Internacional Estándar del Libro 9789583069635
040 ## - FUENTE DE LA CATALOGACIÓN
Centro/agencia transcriptor CO-Mq BPB
041 ## - CÓDIGO DE LENGUA
Código de lengua del texto/banda sonora o título independiente spa
082 ## - NÚMERO DE LA CLASIFICACIÓN DECIMAL DEWEY
Número de clasificación JN
Número de documento/Ítem HEUt
100 ## - ENTRADA PRINCIPAL--NOMBRE DE PERSONA
Nombre de persona Heurtier, Annelise
Término indicativo de función/relación autor
245 ## - MENCIÓN DE TÍTULO
Título #Todos odian a Luisa
264 ## - PRODUCCIÓN, PUBLICACIÓN, DISTRIBUCIÓN, FABRICACIÓN Y COPYRIGHT
Producción, publicación, distribución, fabricación y copyright Bogotá;
Nombre del de productor, editor, distribuidor, fabricante Panamericana,
Fecha de producción, publicación, distribución, fabricación o copyright 2025
300 ## - DESCRIPCIÓN FÍSICA
Extensión 168 páginas;
Otras características físicas Tapa dura,
Dimensiones 21 cm
521 ## - NOTA DE PÚBLICO DESTINATARIO
Nota de público destinatario La historia sigue a Luisa, una adolescente que recibe su primer celular como regalo de cumpleaños. Emocionada, acepta las reglas de sus padres… pero pronto cede a la presión social y crea una cuenta en redes.<br/><br/>Todo parece ir bien hasta que ocurre un malentendido con un chico, lo que provoca rumores, versiones distorsionadas y comentarios de otras personas. En poco tiempo, la vida de Luisa se convierte en un caos, ya que la situación escala hasta convertirse en un caso de acoso escolar (ciberbullying).
650 ## - PUNTO DE ACCESO ADICIONAL DE MATERIA--TÉRMINO DE MATERIA
Término de materia o nombre geográfico como elemento de entrada Redes sociales
650 ## - PUNTO DE ACCESO ADICIONAL DE MATERIA--TÉRMINO DE MATERIA
Término de materia o nombre geográfico como elemento de entrada Ciberbullying
650 ## - PUNTO DE ACCESO ADICIONAL DE MATERIA--TÉRMINO DE MATERIA
Término de materia o nombre geográfico como elemento de entrada Presión social
700 ## - PUNTO DE ACCESO ADICIONAL--NOMBRE DE PERSONA
Nombre de persona Noguera Arrieta, Luisa Margarita
Término indicativo de función/relación traductora
942 ## - ELEMENTOS DE PUNTO DE ACCESO ADICIONAL (KOHA)
Fuente del sistema de clasificación o colocación
Tipo de ítem Koha Libro Literatura
Existencias
Estado de retiro Estado de pérdida Fuente del sistema de clasificación o colocación Estado dañado Restricciones de uso No para préstamo Código de colección Localización permanente Ubicación/localización actual Ubicación en estantería Fecha de adquisición Fuente de adquisición Número de inventario Total de préstamos Signatura topográfica completa Código de barras Fecha visto por última vez Número de copia Precio válido a partir de Tipo de ítem Koha Nota pública
        Procesos Técnicos   Literatura Juvenil Biblioteca Pública San Juan Bosco Biblioteca Pública San Juan Bosco Literatura 19/03/2026 Compra 2025 NT   JN HEUt MOS504789 19/03/2026 Ej.1 19/03/2026 Libro Literatura Quince dias

© Todos los derechos reservados para la Biblioteca Pública Municipal San Juan Bosco, 2020
Secretaria de Cultura de Mosquera
Carrera 3 N° 10 Esquina Centro Cultural Barrio El Carmén Teléfono: 8270830 Ext: 34
Funcionando con KOHA
Contacto: Biblioteca Pública Municipal San Juan Bosco/ bibliotecasanjuanbosco@mosquera-cundinamarca.gov.co
Mosquera, Cundinamarca